00526nam a2200181Ia 4500020001800000082001800018245005900036260002900095300001400124440002400138504001900162650003500181650005600216650002000272650001300292700002000305700001900325 a9781402089510 a354.2793 PLA- 0aPlanning support systems best practice and new methods aNew YorkbSpringerc2009 axxii, 490 aGeo Journal library aincludes index aGeographic information systems aInformation storage and retrieval systemvGeography aSocial networks aPlanning aStillwell, John aGeertman, Stan